000 00362 a2200169 4500
001 68335
020 _a8573020733
040 _cAnchieta - Pituba
100 _aSchine, Cathleen
240 1 0 _aA carta de amor
_lpor
245 1 0 _aA carta de amor
300 _a297
362 0 _a1996
440 1 _aObjetiva
650 4 _aFicção norte-americana
942 _cBK
999 _c68335
_d68335